10 Largest Economies by Continent - Statistics

General Stats
  • This quiz has been taken 124 times
    95 since last reset
  • The average score is 54 of 60
Answer Stats
Hint Answer % Correct
Canada
100%
Mexico
100%
North America United States
100%
Oceania Australia
99%
Asia China
99%
France
99%
Europe Germany
99%
Italy
99%
Japan
99%
Russia
99%
South Africa
99%
Spain
99%
United Kingdom
99%
India
97%
Argentina
96%
South America Brazil
96%
Africa Egypt
96%
New Zealand
96%
Nigeria
96%
Peru
96%
Chile
95%
South Korea
95%
Colombia
94%
Panama
94%
Sweden
94%
Venezuela
94%
Indonesia
92%
Turkey
92%
Uruguay
92%
Honduras
91%
Netherlands
91%
Switzerland
91%
Costa Rica
90%
Cuba
90%
Poland
90%
Saudi Arabia
89%
Algeria
87%
Dominican Republic
87%
Guatemala
87%
Papua New Guinea
87%
Bolivia
86%
Ecuador
86%
Fiji
86%
Kenya
86%
Morocco
86%
Paraguay
86%
Thailand
86%
Tonga
85%
Ethiopia
82%
Vanuatu
82%
Iran
81%
Samoa
80%
Taiwan
80%
Solomon Islands
78%
Tanzania
77%
El Salvador
76%
Micronesia
75%
Palau
73%
Sudan
71%
Angola
68%
No matching quizzes found
Score Distribution
Percent of People with Each Score
Percentile by Number Answered
Your Score History
You have not taken this quiz since the last reset